| 000 | 00728nam a2200229 a 4500 | ||
|---|---|---|---|
| 999 |
_c4348 _d4348 |
||
| 001 | 4348 | ||
| 003 | BD-JhCC | ||
| 005 | 20171126170614.0 | ||
| 008 | 171126s2000 bg |||| ||a| 000 0 ben d | ||
| 020 | _a984412087x | ||
| 035 | _a(BD-JhCC) 4348 | ||
| 040 |
_aBD-JhCC _dBD-JhCC |
||
| 041 | _aben | ||
| 082 |
_a079.95492 _bMAM 2000 |
||
| 100 | _aমামুন, মুনতাসির | ||
| 245 |
_aউনিশ শতকে বাংলাদেশের সংবাদ-সাময়িকপত্র / _c মুনতাসির মামুন |
||
| 260 |
_aঢাকা : _bঅনন্যা , _c2000 |
||
| 300 |
_a159 p .: _c22 cm . |
||
| 650 | _aNewspapers and periodicals | ||
| 942 |
_2ddc _cBK |
||